000 00587nam a2200241Ia 4500
003 IT-RoPAU
005 20220918175901.0
008 120407s9999 xx 000 0 und d
040 _aIT-RoPAU
040 _cIT-RoPAU
041 _aita
100 _aWolfhart Pannemberg
_936189
245 _aQuestioni fondamentali di teologia sistematica. Raccolta di scritti
250 _aBrescia
260 _aQueriniana
260 _c1975
300 _a452 p.
300 _c23 cm
490 _aBiblioteca di teologia contemporanea
490 _v20
942 _cBK
_2ddc
999 _c34785
_d34785